[Event "ITA-ch U20"]
[Site "Tarvisio"]
[Date "2023.07.02"]
[Round "1"]
[White "Gao, Davide"]
[Black "Markevichus, Yaraslau"]
[Result "0-1"]
[WhiteElo "1418"]
[BlackElo "1992"]
[PlyCount "96"]
[EventDate "2023.07.02"]
[EventType "swiss"]
[EventRounds "9"]
[EventCountry "ITA"]
[SourceTitle "EXT 2024"]
[Source "ChessBase"]
[SourceDate "2023.10.10"]
[SourceVersion "1"]
[SourceVersionDate "2023.10.10"]
[SourceQuality "1"]

1. e4 c5 2. Nf3 e6 3. d4 cxd4 4. Nxd4 Nc6 5. Nc3 Qc7 6. Be2 Nf6 7. 0-0 a6 8. Be3 b5 9. f4 Bb7 10. e5 Nxd4 11. Bxd4 Ne4 12. Nxe4 Bxe4 13. Bd3 Bxd3 14. cxd3 Qb7 15. Qf3 Qxf3 16. Rxf3 Rc8 17. Rff1 Be7 18. Rac1 0-0 19. Be3 d6 20. d4 h5 21. Kf2 Rc4 22. b3 Rcc8 23. Ke2 dxe5 24. dxe5 Ba3 25. Rxc8 Rxc8 26. Rd1 Kf8 27. Kd3 Rd8+ 28. Ke2 Rxd1 29. Kxd1 Ke7 30. Ke2 f5 31. exf6+ Kxf6 32. Kf3 Kf5 33. h3 h4 34. g4+ hxg3 35. Kxg3 Ke4 36. Bb6 Bd6 37. Kg4 Bxf4 38. h4 g6 39. Bd8 e5 40. Bg5 Ke3 41. a4 bxa4 42. bxa4 Ke4 43. Bf6 Bd2 44. Be7 Kd3 45. Bg5 e4 46. Bxd2 Kxd2 47. Kg5 e3 48. Kxg6 e2 0-1